Fotografía para todos : (Registro nro. 10404)

Detalles MARC
000 -LEADER
fixed length control field 00570nam a2200205 a 4500
001 - CONTROL NUMBER
control field 0000412
003 - CONTROL NUMBER IDENTIFIER
control field DO-SdBNP
005 - DATE AND TIME OF LATEST TRANSACTION
control field 20160616095817.0
007 - PHYSICAL DESCRIPTION FIXED FIELD--GENERAL INFORMATION
fixed length control field 0000412
008 - FIXED-LENGTH DATA ELEMENTS--GENERAL INFORMATION
fixed length control field 091125s1974 ar a 000 0 spa d
040 ## - CATALOGING SOURCE
Original cataloging agency BPMSU
Language of cataloging spa
Transcribing agency BPMSU
245 00 - TITLE STATEMENT
Title Fotografía para todos :
Remainder of title la cámara fotográfica /
260 ## - PUBLICATION, DISTRIBUTION, ETC. (IMPRINT)
Place of publication, distribution, etc. Buenos Aires, Argentina :
Name of publisher, distributor, etc. Centro editor de América Latina,
Date of publication, distribution, etc. 1974.
300 ## - PHYSICAL DESCRIPTION
Extent [20] p. :
Other physical details il. ;
Dimensions 28 cm.
490 1# - SERIES STATEMENT
Series statement Cursos prácticos
830 #0 - SERIES ADDED ENTRY--UNIFORM TITLE
Uniform title Cursos prácticos
910 ## - USER-OPTION DATA (OCLC)
User-option data
942 ## - ADDED ENTRY ELEMENTS (KOHA)
Source of classification or shelving scheme Dewey Decimal Classification
Koha item type Libros
956 ## - LOCAL ELECTRONIC LOCATION AND ACCESS (OCLC)
Host name Yngrid Lockward
Access number 10
Existencias
Withdrawn status Lost status Source of classification or shelving scheme Damaged status Not for loan Collection code Home library Current library Date acquired Source of acquisition Total Checkouts Barcode Date last seen Price effective from Koha item type
    Dewey Decimal Classification       Biblioteca Pública Metropolitana Salomé Ureña Biblioteca Pública Metropolitana Salomé Ureña 06/16/2016 Donación   BPMSU16060211 06/16/2016 06/16/2016 Libros